Open Data Biblioteca Nacional de Portugal


República Portuguesa: Ministério da Cultura
Biblioteca Nacional de Portugal

Catálogo da BNP: acesso por Identificadores Unívocos
Registos Bibliográficos associados ao registo de autoridade

Etiqueta de registo: 00254nam 2200025 450
001 2286044
003 http://id.bnportugal.gov.pt/bib/catbnp/2286044
100 ## $a20260508d2026 k y0pory01030103ba
101 0# $apor$deng
102 ## $aPT
105 ## $aa m 000yy
106 ## $ar
200 1# $a Os ofícios da madeira$eGondomar como uma "grande fábrica" (Sécs. XIX-XXI)$fCecília Mónica dos Santos Cardoso$gorient. Ana Cristina Correia de Sousa
210 #9 $aPorto$c[s.n.],$d2026
215 ## $a2 v.$cil.$d30 cm
328 #1 $aTese dout. Estudos do Património (História da Arte), Faculdade de Letras, Universidade do Porto, 2026
675 ## $a904(469.121)"18/20"(043)$vBN$zpor$31999520
675 ## $a745.51(469.121)"18/20"(043)$vBN$zpor$31999521
675 ## $a684(469.121)"18/20"(043)$vBN$zpor$31999522
700 #1 $aCardoso,$bCecília Mónica dos Santos$31998025
702 #1 $aSousa,$bAna Cristina$4727$31659582
801 #0 $aPT$bBN$gRPC
966 ## $dV. 1$lBN$mFGMON$sH.G. 89219 V.$x1
966 ## $dV. 2$e[Anexos]$lBN$mFGMON$sH.G. 89220 V.$x1
971 ## $cssilva$d20260508
972 ## $e0$z0$d20260616$vasantos
973 ## $ctrodrigues$d20260528
975 ## $e0$d20260618$viquintas

OpendataBNP@bnportugal.pt | Mais informação sobre acesso aos dados BNP